Informe de Pedro Salas sobre cierta enagenación de bienes hecha por un superior sin licencia del prelado

Detalles Bibliográficos
Otros Autores: Pedro Salas, Antonio Dávila, Francisco Cornejo, Juan Chacón, Cristóbal de Castro, Juan de Salas, Benito de Robles, Cristóbal de los Cobos, Diego Muñoz
Formato: Libro
Publicado: s.l., s.f.
Materias:
Colección:Banco de datos
Acervo:Biblioteca Palafoxiana. Colección de Manuscritos
Descripción Física:1 f. ; 21 x 29 cm.
Tema general:Eclesiástica
LEADER 00703nam a22002410004500
035 |a 1448 
245 1 0 |a Informe de Pedro Salas sobre cierta enagenación de bienes hecha por un superior sin licencia del prelado 
260 |a s.l., s.f. 
300 |a 1 f. ; 21 x 29 cm. 
650 1 0 |a Eclesiástica 
700 1 |a Pedro Salas 
700 1 |a Antonio Dávila 
700 1 |a Francisco Cornejo 
700 1 |a Juan Chacón 
700 1 |a Cristóbal de Castro 
700 1 |a Juan de Salas 
700 1 |a Benito de Robles 
700 1 |a Cristóbal de los Cobos 
700 1 |a Diego Muñoz 
949 |a 32280/203 
942 |c PALAMANU 
943 |g Biblioteca Palafoxiana. Colección de Manuscritos 
999 |c 1069393  |d 1069393